| 000 | 00702nam a2200193 a 4500 | ||
|---|---|---|---|
| 001 | 000035258 | ||
| 005 | 20200930074218.0 | ||
| 008 | 111026s1957 sp 000 0 spa d | ||
| 040 |
_aDO-SdBNP _bspa _cBNPHU |
||
| 082 |
_axxxx _bK924p |
||
| 100 | 1 |
_akretschmer, Ernst _961014 |
|
| 240 | 1 | 0 |
_aMedizinische psychologie _lEspañol |
| 245 | 1 | 0 |
_aPsicología médica. / _cErnst kretschmer ; traducción de la décima edición alemana por José Solé Sagarra. |
| 260 |
_aBarcelona : _bEditorial Labor, _c1957. |
||
| 300 |
_a330 p. ; _c23 cm. |
||
| 500 | _aTraducido del alemán | ||
| 590 | _aPerteneció a la biblioteca personal de Juan Isidro Jimenes Grullón | ||
| 700 | 1 |
_aSolé Sagarra, José, _etr. _961015 |
|
| 999 |
_c34749 _d34749 |
||